| 000 | 00457nam a22001337a 4500 | ||
|---|---|---|---|
| 020 | _a9787214081605 | ||
| 082 | _a294.307 | ||
| 100 | _aLai, Yonghai | ||
| 245 |
_aPhoenix library Religious Studies Series: Nature of Buddhism(Chinese Edition) / _cYonghai Lai |
||
| 260 |
_bUniversity of California Press, _c2000. |
||
| 300 |
_a316 p. ; _c23 cm. |
||
| 880 |
_6245-02\r _a凤凰图书馆宗教学丛书:佛教本质(中文版)/ |
||
| 942 |
_2ddc _cBK |
||
| 999 |
_c591737 _d591737 |
||